LEADER 01944nam a2200361 a 4500 001 000000144750 003 CaOOAMICUS 005 20150709123852.0 008 150709s2007 it u000 u ita r 020 $z9788880256212* 040 $aPUL$bita 111 2 $aIncontro estivo per seminaristi$n(15 :$d2007 :$cSacrofano).$0(OLS)http://pul/name/92796 245 10$aSacerdozio e celibato nella Chiesa :$brelazioni tenete in occasione del XV Incontro Estivo per Seminaristi, Fraterna Domus - Sacrofano (Roma), 6-12 agosto 2007 /$cEnnio Apeciti ... [et al.] ; con un intervento del Card. Julián Herranz e un'Omelia del Card. Angelo Comastri ; a cura di Roberto Balletta e Andrea Mardegan. 260 $aMilano :$bCentro Ambrosiano,$c©2007. 300 $a174 p. ;$c21 cm 500 $aSul front.: Iniziative Culturali Sacerdotali. 504 $aBibliografia nelle note. 650 4$aSacerdozio.$0(OLS)http://pul/subject/211 650 4$aCelibato ecclesiastico e religioso.$0(OLS)http://pul/subject/5927 700 1 $aApeciti, Ennio,$csac.,$d1950-$0(OLS)http://pul/name/83818 700 1 $aComastri, Angelo,$ccard.$0(OLS)http://pul/name/41900 700 1 $aHerranz, Julián,$csac.$0(OLS)http://pul/name/7735 700 1 $aBalletta, Roberto.$0(OLS)http://pul/name/92797 700 1 $aMardegan, Andrea.$0(OLS)http://pul/name/92678 850 $aPUL 852 $aPUL$W1$xDP1 Fondo S. Lanza$y121$m3 J 29$j167132$qFondi$B167716$CPULBib$Z2$F167716 $HLan761 $82 941 1 $a1 960 $aOrdine sacro$9211 960 $aOrdine sacro$9211 996 $6020$z9788880256212*$9(OLS)http://pul/number/158267 996 $6245$aSacerdozio e celibato nella Chiesa :$brelazioni tenete in occasione del XV Incontro Estivo per Seminaristi, Fraterna Domus - Sacrofano (Roma), 6-12 agosto 2007$9(OLS)http://pul/title/183099 996 $6260$aMilano :$bCentro Ambrosiano$9(OLS)http://pul/publisher/64424 LEADER 01360nam a2200313 a 4500 001 000000172158 003 CaOOAMICUS 005 20240509123340.0 008 190626s2017 it u000 u ita r 020 $a978-88-2885340-4* 032 $aLibriCat 040 $aPUL$bita 082 04$a340.09 100 1 $aVolante, Raffaele.$0(OLS)http://pul/name/110496 245 13$aLa sostituzione degli effetti negoziali nel diritto comune classico/ $cRaffaele Volante. 260 $aMilano :$bA. Giuffrè,$c2017. 300 $a192 p. ;$c23 cm 490 1 $aPer la storia del pensiero giuridico moderno ;$v115 504 $aBibliografia in nota. 650 04$aContratti$xStoria.$0(OLS)http://pul/subject/26719 830 0$aPer la storia del pensiero giuridico moderno ;$v115.$0(OLS)http://pul/title/10657 850 $aPUL 852 $aPUL$W1$xSL Diritto e Scienze Sociali 3$y79$m340. 09 COLL 1.115$j196087$qDDC 21$B200842$CPULBib$Z2$F200842 $H133009 $82 941 1 $a9 996 $6020$a978-88-2885340-4*$9(OLS)http://pul/number/166287 996 $6082$a340.09$9(OLS)http://pul/classification/1829 996 $6245$aLa sostituzione degli effetti negoziali nel diritto comune classico/ $9(OLS)http://pul/title/213060 996 $6260$aMilano :$bA. Giuffrè$9(OLS)http://pul/publisher/48096